00461nam a2200121 a 4500008004100000050002000041110004600061245007000107260006000177300002800237650002800265650004600293180626s2017 ||||||||||||||||| || u aZWMA905)AR/2017 aZambia Weights and Measures Agency (ZWMA)10aAnnual report, 2017cby Zambia Weights and Measures Agency [ZWMA] aLusakabZambia Weights and Measures Agency (ZWMA)c2017 a77 pages: illustrations aZAMBIA METROLOGY AGENCY aZAMBIA WEIGHTS AND MEASURES AGENCY (ZWMA)